[Event "Linz"]
[Site "Linz"]
[Date "1997.05.23"]
[Round "7"]
[White "Wach, Markus"]
[Black "Kortschnoj, Viktor Lvovich"]
[Result "1/2-1/2"]
[WhiteElo "2415"]
[BlackElo "2635"]
[Annotator "Atlas,V"]
[PlyCount "110"]
[EventDate "1997.05.17"]
[EventType "tourn"]
[EventRounds "9"]
[EventCountry "AUT"]
[EventCategory "12"]
[SourceTitle "CBM 059"]
[Source "ChessBase"]
[SourceDate "1997.08.01"]
[SourceVersion "1"]
[SourceVersionDate "1997.08.01"]
[SourceQuality "1"]

1. e4 e6 2. d4 d5 3. Nc3 Bb4 4. e5 c5 5. a3 Bxc3+ 6. bxc3 Ne7 7. Qg4 Kf8 8. Nf3
b6 9. Qh5 $5 {White explores yet another way to fight for the initiative.
Recent practice also saw:} (9. Bd2 Ba6 10. Bxa6 Nxa6 11. O-O h6 12. Nh4 Rc8 13.
Rac1 Nb8 14. f4 g6 15. Qh3 Nbc6 16. Be3 Na5 $132 {0-1 Weidenbach Tim-Naumkin
Igor/It open 1991 (39)}) (9. h4 Ba6 10. h5 h6 11. Nh4 Bxf1 12. Kxf1 cxd4 13.
Rh3 Qc7 14. Rf3 Nd7 15. Bf4 dxc3 16. Re1 Rg8 17. Ree3 Qc4+ 18. Kg1 Ke8 $17 {
0-1 Borkowski,F-Naumkin,I/Moscow4 1991 (39)}) 9... h6 ({Could Black continue} 
9... Ba6 {? An immediate} 10. Ng5 Ng6 11. Qf3 Qd7 {allows Black to consolidate
the position.}) 10. a4 Qc7 11. dxc5 bxc5 12. Bd3 Nbc6 13. O-O Bd7 14. Re1 Be8
15. Qh4 Kg8 16. c4 Nb4 17. cxd5 Nexd5 18. Be4 Rb8 19. Ra3 Nc6 20. h3 Nce7 21.
Nd2 Rb4 22. c4 Ng6 23. Bxg6 fxg6 24. Ne4 Ne7 25. Nd6 Kh7 26. Bd2 Rb2 27. Bc3
Rb8 28. Nxe8 $6 Rhxe8 29. Qe4 Red8 30. Qc2 Nc6 31. Raa1 Qf7 $1 32. Rad1 Qf4 33.
Bd2 Qh4 34. Be3 Nd4 35. Bxd4 Rxd4 36. Rxd4 Qxd4 $17 37. Re4 Qa1+ 38. Kh2 Rb2
39. Qc3 Ra2 $6 {After Black has outplayed his opponent, he does not find the
best way to realize his advantage.} (39... Qa2 $142 $1 {[%csl Rf2,Rg2][%cal
Gb2f2,Ga2f2]} 40. Rg4 Rxf2 41. Qe3 (41. Qd3 Qc2) 41... Qe2 42. Qxc5 Qe1 $19)
40. Qe3 Qb1 41. Rf4 $1 Rxa4 42. Qxc5 Qb7 (42... Ra1 43. Rf7 $1) 43. Qf8 {
This move allows White to win a Queen, yet not the game.} ({He should have
played} 43. Qd6 $1 {instead:} Ra6 44. Qd8 Qb6 45. Qe8 Qc6 46. Qe7 $18) 43...
Qc7 (43... Qb2 44. Qe8 Qxe5 {-game}) 44. Qe8 {[%csl Rh7][%cal Gf4f8,Gf8h8,
Ge8h8]} Qxe5 45. g3 Qxf4 $8 46. gxf4 Rxc4 47. Kg3 Rc5 $1 {Black succeeds in
building a fortress, which cannot be destroyed. The text is pprobably the only
way to a draw.} (47... a5 $2 48. Qb5 $1 (48. Qxe6 Rc5 $11 {/\ Rf5-h5-f5}) 48...
Rd4 49. Qxa5 Rd5 50. Qe1 Rf5 51. Qxe6 Rh5 52. Kf3 (52. Kg4 Rb5 53. Qe5 Rxe5 54.
fxe5 Kg8 55. f4 Kf7 56. Kf3 Ke6 57. Ke4 g5 58. fxg5 (58. f5+ Ke7 $11) 58...
hxg5 59. Kd4 Ke7 60. Kd5 Kd7 61. e6+ Ke7 62. Ke5 Kd8 63. Kd6 Ke8 64. e7 g4 65.
hxg4 g5 66. Ke6 $11) 52... Rf5 53. Ke4 Rh5 54. Kd4 (54. Qe5 Rxh3 55. f5 Rh4+
56. f4 g5 57. Qe7 Rxf4+ 58. Ke5 Rf2 59. Qf7 Re2+ 60. Kd6 Rf2 61. Ke7 Rb2 62.
Qg6+ Kh8 63. Qa6 Rf2 64. Qc8+ Kh7 65. Kf7 $18) 54... Rf5 55. Qe5 Rxe5 (55...
Rh5 56. Kd5 Rxh3 57. Ke6 (57. f5 Rh5) 57... Rh5) 56. fxe5 $18) 48. Qe7 Rf5 49.
Qxa7 e5 50. fxe5 Rxe5 51. f4 Rf5 52. Qd7 Rh5 53. Kf3 Rf5 54. Ke4 Rh5 55. Qe6
Rf5 1/2-1/2

[Event "EU-chT (Men) 11th"]
[Site "Pula"]
[Date "1997.05.??"]
[Round "7.1"]
[White "Timman, Jan H"]
[Black "Nikolic, Predrag"]
[Result "1/2-1/2"]
[WhiteElo "2630"]
[BlackElo "2655"]
[Annotator "Atlas,V"]
[PlyCount "76"]
[EventDate "1997.05.05"]
[EventType "team-swiss"]
[EventRounds "9"]
[EventCountry "CRO"]
[SourceTitle "CBM 057 Extra"]
[Source "ChessBase"]
[SourceDate "1997.05.01"]
[SourceVersion "1"]
[SourceVersionDate "1997.05.01"]
[SourceQuality "1"]
[WhiteTeam "Netherlands"]
[BlackTeam "Bosnia&Herzegovina"]
[WhiteTeamCountry "NED"]
[BlackTeamCountry "BIH"]

1. e4 e6 2. d4 d5 3. Nc3 Bb4 4. e5 c5 5. a3 Bxc3+ 6. bxc3 Ne7 7. Qg4 Kf8 8. Bd2
$5 Qc7 {This move is often played if White opts for 8.a4. After 8.Bd2 Black
usually chose the other fields for the Queen:} (8... Qb6 9. dxc5 Qb2 10. Qd1
Nd7 11. Nf3 Nxc5 12. c4 Qb6 13. Be2 Bd7 14. O-O Rc8 15. cxd5 Nxd5 16. c4 $14 {
Orlov,V-Karpeshov,O/Elista RUS-ch (5) 1994}) (8... Qa5 9. a4 Nbc6 10. Nf3 Qb6
11. dxc5 Qxc5 12. Bd3 h6 13. O-O Qb6 14. Rfe1 Bd7 15. c4 $14 {Short,N-Nikolic,
P/London PCA (1) 5' 1994}) 9. Bd3 b6 10. Nf3 Ba6 11. dxc5 bxc5 12. Bxa6 Nxa6
13. c4 {A typical advancement in this type of positions. Precariousness of the
Black's King and temporary disconnection of his forces determines White's
advantage.} Qc6 14. cxd5 exd5 15. O-O h6 16. Rfe1 Qe6 17. Qa4 {White could
have opted for the endgame after} (17. Qxe6 fxe6 18. Rab1 Rb8 19. Rxb8+ Nxb8
20. Rb1 Nbc6 21. Rb5 $14) 17... Kg8 18. Rab1 Kh7 19. Qh4 Kg8 20. Rb7 Nf5 21.
Qf4 Nb8 $1 22. Reb1 Nc6 23. c3 Kh7 24. Rc7 Rhc8 25. Rbb7 Rxc7 26. Rxc7 Rc8 {
Now the game is equal.} 27. Rxc8 Qxc8 28. h3 Qe6 29. g4 Nfe7 30. Be3 c4 31. Nd4
Nxd4 32. Bxd4 a6 33. Qe3 Qg6 34. Kg2 Nc6 35. f4 Qb1 36. Bc5 Qb5 37. Kg3 g5 38.
Bd4 Nxd4 1/2-1/2

[Event "Biel GM"]
[Site "Biel"]
[Date "2003.07.29"]
[Round "8"]
[White "Bacrot, Etienne"]
[Black "Pelletier, Yannick"]
[Result "1-0"]
[WhiteElo "2645"]
[BlackElo "2602"]
[Annotator "Bacrot,E"]
[PlyCount "117"]
[EventDate "2003.07.21"]
[EventType "tourn"]
[EventRounds "11"]
[EventCountry "SUI"]
[EventCategory "16"]
[SourceTitle "CBM 097"]
[Source "ChessBase"]
[SourceDate "2003.11.11"]
[SourceVersion "1"]
[SourceVersionDate "2003.11.11"]
[SourceQuality "1"]

1. e4 e6 2. d4 d5 3. Nc3 Bb4 4. e5 Ne7 5. a3 Bxc3+ 6. bxc3 c5 7. Qg4 O-O 8. Bd3
f5 9. exf6 Rxf6 10. Bg5 Rf7 11. Qh5 g6 12. Qd1 Nbc6 (12... Qa5 13. Bd2 Nbc6 14.
Nf3 Qc7 15. dxc5 $1 $146 e5 16. Ng5 Rf8 17. c4 e4 18. cxd5 exd3 19. d6 Qd7 20.
dxe7 Qxe7+ 21. Be3 $16 {Lutz-Pelletier Bienne (2)}) 13. Nf3 Qf8 14. O-O c4 15.
Be2 h6 16. Bc1 Kh7 17. a4 Bd7 18. Ba3 Qb8 19. Qd2 Nf5 20. Rab1 Qc7 $146 {
Une nouveauté intéressante. Je pense néanmoins que les blancs ont l'avantage
grâce aux deux fous et а leur meilleure structure de pion.} (20... b6 21. a5 $1
$14 {Shirov-Timman 03}) 21. Bc1 $5 (21. g4 {est trop direct} Nfe7 22. Bc1 Ng8
$11) 21... g5 22. h4 g4 (22... gxh4 23. Nxh4 Nce7 24. Nxf5 Nxf5 25. Bg4 $14)
23. Nh2 h5 24. Qg5 Ng7 (24... Rh8 25. Qxh5+ Kg8 26. Qg5+ $1 Rg7 27. Qf4 $18)
25. Re1 {Pendant la partie, je pensais garder l'avantage en préparant "f3",
mais il était possible de sacrifier la pièce} (25. Bxg4 $5 hxg4 26. Nxg4 $44)
25... Rh8 (25... Ne7 26. f3 Bxa4 27. fxg4 Bxc2 28. Rb2 $16) 26. Nf1 Rf5 27. Qe3
Ne7 28. Qg3 $1 {Les blancs s'emparent des cases noires.} Qc8 (28... Rc8 29. a5
$1 $14) 29. f3 {Il faut ouvrir le jeu, le roi noir devient plus faible et le
Fou e2 va enfin être utile. Protéger le pion "a4" aurait permis aux noirs de
consolider leur position en préparant l'arrivée d'un cavalier en "f5" par Tf7.}
gxf3 30. Bxf3 Bxa4 31. Bg5 $44 Ng6 32. Ra1 b5 33. Qd6 {Les blancs préparent
l'arrivée du cavalier en "g3".} Qf8 34. Qh2 {La meilleure case pour la dame.} (
34. Qxf8 Rhxf8 35. Ng3 Rxf3 $17) 34... Rf7 35. Ng3 Kg8 36. Re2 Qd6 (36... Rh7
37. Rf2 a5 38. Raf1 $44) 37. Qh3 Nf4 {Les échanges de pièces sont en faveur
des blancs car le fou "a4" et la tour "h8" ont du mal а rentrer rapidement en
jeu. Le coup passif 37...Cf8 semble meilleur.} 38. Bxf4 Rxf4 (38... Qxf4 39.
Rf1 (39. Re5 $5 Bxc2 40. Nxh5 Qd2 41. Nxg7 Qxc3 42. Nxe6 Qxa1+ 43. Kh2 $18)
39... Qh6 40. Ref2 $14) 39. Re5 Qe7 40. Rg5 Bxc2 41. Nxh5 {Fin de la pression
du temps. La partie était toujours très tendue mais finalement j'ai pris
l'avantage.} Rxh5 {Yannick réfléchit une bonne demi-heure sur ce coup. Sur 41..
.Tf7, il pensait que 42.Txa7 gagnait mais il a manqué une ressource. Le simple
42.Ta6 donne une initiative gagnante} (41... Rf7 42. Ra6 $5 (42. Rxa7 Qxa7 43.
Qxe6 Rxh5 $1 44. Bxh5 b4 $1 $13) 42... Bf5 (42... Rh6 43. Qg3 $16) 43. Qg3 Rh7
44. Qb8+ Qf8 45. Qxb5 $16) 42. Bxh5 Rf5 43. Rxf5 Bxf5 44. Bg4 $2 (44. Qg3 {
est plus précis. par exemple:} Kh7 45. Bf3 b4 46. cxb4 c3 47. Qf4 c2 48. g4 $18
) 44... b4 $1 {Les noirs obtiennent du contre jeu.} 45. Bxf5 Nxf5 46. Qg4+ Kf8
47. cxb4 Qxb4 48. Qg6 $1 Qb6 49. Qf6+ Kg8 (49... Ke8 50. Kh1 Qxd4 51. Qxe6+ Kd8
52. Ra3 $16) 50. Kh1 $1 {Pour gagner, il convient de chercher le mat et éviter
les échanges de dames.} c3 (50... Qxd4 51. Qxe6+ Kg7 52. Qd7+ Kg8 53. Qc8+ Kg7
54. Qc7+ Kg8 55. Ra3 Qxh4+ 56. Rh3 $18) 51. Rc1 Ng3+ (51... Qc6 52. g4 $18) 52.
Kh2 Ne4 53. Qg6+ Kf8 54. Rf1+ Ke7 55. Qg7+ Kd6 56. Qf8+ Kc6 57. Qe8+ Kd6 58.
Rf7 Qxd4 59. Qb8+ 1-0

[Event "Odorheiu Secuiesc zt"]
[Site "Odorheiu Secuiesc"]
[Date "1995.??.??"]
[Round "5"]
[White "Almasi, Zoltan"]
[Black "Gdanski, Jacek"]
[Result "1/2-1/2"]
[WhiteElo "2590"]
[BlackElo "2490"]
[Annotator "Bangiev,A"]
[PlyCount "36"]
[EventDate "1995.03.??"]
[EventType "swiss"]
[EventRounds "9"]
[EventCountry "ROU"]
[SourceTitle "CBM 047"]
[Source "ChessBase"]
[SourceDate "1995.08.01"]
[SourceVersion "1"]
[SourceVersionDate "1995.08.01"]
[SourceQuality "1"]

1. e4 e6 2. d4 d5 3. Nc3 Bb4 4. e5 Ne7 5. a3 Bxc3+ 6. bxc3 c5 7. Qg4 Qc7 8. Bd3
c4 9. Be2 O-O $5 10. f4 (10. Bg5 $5 Qa5 (10... Kh8 11. Nf3 f6 12. exf6 gxf6 13.
Bh6 (13. Bf4 $2 e5 $1) 13... Rg8 14. Qh4 Nd7 {/\ Nf5} 15. g4 e5 16. dxe5 Ng6
17. Qh5 Ndxe5 (17... fxe5 18. Bg5 $5 Qa5 19. Kd2 $5 d4 $2 20. Nxd4 $1 $16) 18.
Nd4 $14) 11. Kd2 Nf5 12. Nf3 Kh8 13. Rhb1 $5 $13) 10... f6 $5 (10... Qa5 11.
Bd2 Qa4 12. Bd1 {/\ Nf3,Qh5 -> h7,g7} f6 $5 13. Nf3 Nbc6 14. exf6 Rxf6 15. Ne5
$36 Nxe5 16. fxe5 $14) 11. Nf3 Nbc6 12. a4 $6 (12. exf6 Rxf6 13. Ne5 Nxe5 14.
fxe5 Rf8 (14... Rg6 $6 15. Qh3 {/\ Bh5}) 15. Bg5 $36) 12... Qa5 $5 13. Bd2 b5
14. O-O bxa4 15. Rfb1 Rb8 (15... f5 $6 16. Qh4 $5 (16. Qh5 Bd7 17. Rb2 Be8 18.
Qh3 Nd8 $5 19. Be1 Rc8 $13 {/\ Rc6-b6}) 16... Bd7 17. Rb7 $14) 16. Rxb8 Nxb8
17. Qg3 Nbc6 18. Qe1 Bd7 $15 1/2-1/2

[Event "Olympiad-42"]
[Site "Baku"]
[Date "2016.09.04"]
[Round "3.2"]
[White "Quesada Perez, Yuniesky"]
[Black "Bartel, Mateusz"]
[Result "1-0"]
[WhiteElo "2636"]
[BlackElo "2646"]
[Annotator "Bartel,M"]
[PlyCount "83"]
[EventDate "2016.09.02"]
[EventType "team-swiss"]
[EventRounds "11"]
[EventCountry "AZE"]
[SourceTitle "CBM 175"]
[Source "ChessBase"]
[SourceDate "2016.11.10"]
[SourceVersion "1"]
[SourceVersionDate "2016.11.10"]
[SourceQuality "1"]
[WhiteTeam "Cuba"]
[BlackTeam "Poland"]
[WhiteTeamCountry "CUB"]
[BlackTeamCountry "POL"]

1. e4 e6 2. d4 d5 3. Nc3 Bb4 4. e5 c5 5. a3 Bxc3+ 6. bxc3 Ne7 7. h4 Qc7 8. h5
h6 9. Bd2 Nbc6 10. Qg4 {The best move.} ({I had played this position earlier
this year and after} 10. Nf3 Bd7 11. Bd3 c4 12. Be2 O-O-O 13. Bf4 Qa5 14. Qd2
Kb8 15. g4 Nc8 {1/2 (40) Tomczak,J (2603)-Bartel,M (2625) Poznan 2016, Black
was already better.}) 10... Nf5 11. Nf3 c4 (11... cxd4 12. cxd4 O-O {is also
possible, but leads to a more open position where the pair of bishops may play
a role. There is, however, nothing wrong with this.}) 12. Qf4 Bd7 ({There was
the typical option of playing} 12... Qb6 {, but I'm afraid that White would be
happy with the following line:} 13. Be2 Qb2 14. O-O Qxc2 15. Bd1 Qe4 16. Qh2
Nfe7 17. Re1 (17. Rc1 $5 Qh7 18. Qh4 $44) 17... Qh7 {. This is Black, who is
pawn up, however.}) (12... Qa5 $5 13. g4 Nfe7 14. g5 Bd7 {may be a way for
Black to play in future games.}) 13. Be2 $5 {This move came as a surprise to
me, since I had only analysed the direct g2-g4.} Rf8 $6 {Defending f7, but
maybe it was not the right moment for this.} ({It was hard to go for} 13... Qa5
14. a4 b5 {as after} 15. Ra2 bxa4 16. O-O {I don't really like Black's
position. I have the feeling that Black is worse on both wings. I may be wrong
and the engines indicate that this is balanced position, so maybe it was
better than my choice in the game.}) 14. g4 ({It's interesting that after} 14.
a4 $1 O-O-O 15. a5 {engines love White's position. After some time I
understand the point - now Black's counterplay is very limited and the bishop
from d2 may turn out to be a star very soon.}) 14... Nfe7 15. Qg3 $6 {Too slow.
Of course, the queen is not placed very well on f4, but on g3 it isn't placed
better, while the tempo is lost.} (15. g5 $1 {gave White a better position, e.
g.} hxg5 (15... Ng8 16. gxh6 gxh6 17. Nh2 $1 $14) (15... Nf5 16. gxh6 gxh6 17.
Nh4 $16) 16. Nxg5 f6 17. exf6 Qxf4 18. Bxf4 gxf6 19. Nf3 {and the h-pawn is
very dangerous.}) 15... Qa5 {Typical and strong, as this is a very good square
for the queen.} 16. Nh4 O-O-O 17. f4 f6 {Starting from 15.Qg3 Quesada is
playing for a kingside space advantage. This is risky, as White will face a
problem to hide the king later on. My move ...f6 prepares action in the centre.
} 18. Nf3 Rf7 $5 {A very creative move, which prepares further play on the
kingside.} 19. O-O Rg8 $15 {At this point of the game, I thought that my
position is much better. Probably, objectively it's not, but it's visible that
Black got more from the opening. breakthrough with g7-g6 or g7-g5 is coming 
(f6-f5 shouldn't be forgotten either), so at any moment now White can be
facing an unpleasant attack.} 20. Kh1 $2 {This is not a very good place for
the king. Of course, something bad may happen with a rook and the king on the
same file, but it seems that the king on h1 is placed even worse.} ({Since one
of the possible threats is f6-f5, it was better to play} 20. Qh2 {and if} f5
21. g5 g6 {White escapes with} 22. Kf2 $1) 20... g6 $6 ({I could have achieved
a better position after} 20... f5 $1 21. g5 {(what else?)} g6 22. gxh6 (22.
hxg6 Nxg6 {seems better for Black, as the king on h1 should be in trouble very
soon e.g.} 23. Rf2 $5 Rh7 24. Rh2 Nf8 $1) 22... Rh7 23. Ng5 Rxh6 24. Nf7 gxh5
$1 {and Black is better. 20...f5 was among the moves I considered, but somehow
I had the feeling that my attack down the h- and g-files may not be strong
enough.}) 21. hxg6 (21. exf6 Rxf6 22. hxg6 Nxg6 {was also promising for Black
as there are several weaknesses in White's camp.}) 21... Nxg6 ({White would be
fine in the event of} 21... Rxg6 22. exf6 (22. Nh4 Nf5 23. Nxf5 exf5 24. Qe3
fxe5 25. fxe5 Qd8 $1 $15) 22... Rgxf6 (22... Rfxf6 23. Ne5 Nxe5 24. fxe5 Rxf1+
25. Rxf1) 23. Rf2 $5 Qa4 24. Rh2 $13) 22. Qh2 $6 (22. exf6 $5 {was a real
alternative since after} Rxf6 23. Qh2 $1 Rgf8 {White can play} 24. Ne5 {
which leads to crazy complications with perpetual at the end.} Nxd4 $1 (24...
Ngxe5 25. fxe5 Rxf1+ 26. Bxf1 $13) 25. g5 $1 hxg5 26. fxg5 Rxf1+ (26... Rh8 27.
Bh5 Nxe5 28. Rxf6 Ndf3 29. Bxf3 Rxh2+ 30. Kxh2) 27. Rxf1 Rh8 28. Bh5 $1 Nxe5
29. Qxe5 Rxh5+ 30. Kg2 Nf5 31. Rxf5 $1 exf5 32. Bf4 Kd8 33. Qf6+ $11) 22... Qa4
$6 {A pointless move, as the best place for the queen is a5 - from a5 the
queen attacks both a3 and c3 (also d2 sometimes!) and is quick enough to join
the attack on the kingside with ...Qd8. At the same time, ...Qxc2 is not a
threat, something which the game shows perfectly.} ({Black had, at least, two
logical options. The positional attempt was} 22... f5 23. gxf5 Rxf5 24. Rg1
Nce7 {which looks very promising, but White can try to sharpen the game with}
25. Nh4 Rff8 26. Nxg6 Nxg6 27. Qh5 {with a double-edged position.}) ({The best,
however, was} 22... fxe5 $1 23. Nxe5 ({After} 23. fxe5 {there is the strong}
Qa4 {as now taking on c2 is an option}) (23. dxe5 Rgf8 24. Nh4 (24. Ne1 Ngxe5)
24... Nxh4 25. Qxh4 d4 $1 $15) 23... Ngxe5 24. dxe5 {and now} h5 $5 {is
tempting:} 25. g5 (25. gxh5 Nd4 $1 26. Rg1 Rh8) 25... Ne7 $15) 23. exf6 Rxf6
24. Ne5 $2 (24. Bd1 {kept the evaluation around equal:} Rgf8 25. Nh4 Nxh4 26.
Qxh4 Ne7 {and White is quite solid.}) 24... Qxc2 $4 {A horrible mistake in a
better position. It's actually the typical mistake of a weak player - collect
the pawn and not think about consequences...} ({Instead of this impatient
capture, I could have played} 24... Ncxe5 25. dxe5 ({after} 25. fxe5 Rxf1+ 26.
Rxf1 Qxc2 27. Bd1 Qb2 {Black collects some material, which should be decisive.}
) 25... Rff8 $15 {and now Black's position is very pleasant - all the pawns on
the queenside are weak, the d5-d4 breakthrough is coming and at the same time
there is always the question about White's king safety.}) 25. Bd1 $1 Qb2 $2 (
25... Qe4+ 26. Bf3 Qc2 27. Rfc1 Qa4 28. Nxd7 Kxd7 29. f5 {was also bad for
Black, but - maybe - better than the game.}) 26. Nxd7 ({When taking on c2 I
calculated only} 26. Ba4 {where Black is better:} Ngxe5 27. dxe5 Nxe5 {and
here the nice line I saw was} 28. Rfb1 (28. Bxd7+ Nxd7) (28. fxe5 Rxf1+ 29.
Rxf1 Bxa4) 28... Nxg4 29. Rxb2 Nxh2 30. Bxd7+ Kxd7 31. Kxh2 Rf5 {with mate.
The move 26.Nxd7 came as a shock...}) 26... Kxd7 27. Ba4 {Now the game is over
since both white bishops are awake and hungry after long time sleeping.} Qb6
28. f5 $1 exf5 29. Rxf5 Re6 (29... Rff8 30. Bxh6 Rxf5 31. gxf5) 30. Rxd5+ Kc8
31. Rd6 Ree8 (31... Rxd6 32. Qxd6 Nge7 33. Qe6+ Kb8 {was the lesser evil, but
Black is completely lost anyway.}) 32. Bc2 $1 Nge7 33. Re1 (33. d5 $18) 33...
Qb2 34. Bh7 Rh8 35. Be4 (35. Rb1 $18) 35... Qxa3 36. d5 Nd8 37. Rf6 Ref8 38.
Qe5 Rxf6 39. Qxf6 Rg8 40. d6 Nec6 41. Bd5 Qb2 42. d7+ 1-0